Sports Quiz

Random Sports or WWE Quiz

Wrestlers with the Same Finisher Quiz Stats

 Plays Quiz not verified by Sporcle

Challenge
Share
Tweet
Score 0/50 Timer 10:00
0 Plays Today
% Correct
Diamond Dallas Page
61.1%
Rusev
53.7%
The Rock
46.3%
CM Punk
42.6%
Michelle McCool
35.2%
Jimmy Snuka
35.2%
Ric Flair
31.5%
Jeff Hardy
31.5%
Steve Austin
29.6%
Brie Bella
29.6%
Jake Roberts
27.8%
Randy Savage
24.1%
Trish Stratus
24.1%
Shawn Michaels
24.1%
Xavier Woods
24.1%
Fritz Von Erich
22.2%
D-Lo Brown
22.2%
Justin Gabriel
20.4%
Paige
18.5%
Alex Shelley
18.5%
Sting
16.7%
MVP
16.7%
Tommy Dreamer
16.7%
AJ Lee
14.8%
Ethan Carter III
14.8%
% Correct
Mojo Rawley
14.8%
Craig Pittman
14.8%
Eddie Kingston
14.8%
Akira Hokuto
13%
Christian
13%
Samoa Joe
11.1%
Kurt Angle
11.1%
Hayabusa
11.1%
Man Mountain Rock
11.1%
Alex Wright
11.1%
Akira Taue
11.1%
Tatsumi Fujinami
9.3%
Edge
9.3%
Bobby Eaton
9.3%
Test
9.3%
Satoshi Kojima
7.4%
The Undertaker
7.4%
Mariko Yoshida
7.4%
Abyss
5.6%
Adam Rose
5.6%
Damien Sandow
5.6%
Jinsei Shinzaki
3.7%
Ryusuke Taguchi
3.7%
AJ Styles
3.7%
Seth Rollins
1.9%

You're not logged in!

Compare scores with friends on all Sporcle quizzes.
OR
Log In

You Might Also Like...

Show Comments

Extras

Top Quizzes Today


Score Distribution

Your Account Isn't Verified!

In order to create a playlist on Sporcle, you need to verify the email address you used during registration. Go to your Sporcle Settings to finish the process.

Report this User

Report this user for behavior that violates our Community Guidelines.

Details: